| 000 | 00601nam a22002057a 4500 | ||
|---|---|---|---|
| 003 | OSt | ||
| 005 | 20130416193002.0 | ||
| 008 | 130409s2012 sp ||||| |||| 00| 0 cat d | ||
| 020 | _a9788498092295 | ||
| 040 | _cCDMR | ||
| 100 | 1 |
_93106 _aUrpí, Lluís |
|
| 245 | 1 | 0 |
_aA micròfon tancat _b: una visió personal de la ràdio en català _cLluís Urpí ; pròleg de Joaquim Maria Puyal |
| 250 | _a1a ed. | ||
| 260 |
_aBacelona _bPòrtic _c2012 |
||
| 300 | _a249 p. | ||
| 490 | 0 |
_aPòrtic Visions _v54 |
|
| 650 | 0 | 4 |
_93105 _aRadiodifusió _zCatalunya |
| 650 | 0 | 4 |
_92387 _aRàdio _xHistòria |
| 942 |
_2udc _cMON |
||
| 999 |
_c6055 _d6055 |
||